| 000 | 00367pab a2200157 454500 | ||
|---|---|---|---|
| 008 | 180718b2009 xxu||||| |||| 00| 0 eng d | ||
| 100 | _aSharma, Ravindra | ||
| 245 | _aEthnic violence shocks Xinjiang (new territory) | ||
| 260 | _c2009 | ||
| 300 | _ap.5-6. | ||
| 362 | _a1 Aug | ||
| 650 | _aEthnic groups | ||
| 773 | _aMainstream | ||
| 908 | _aN | ||
| 909 | _a83404 | ||
| 999 |
_c83404 _d83404 |
||